| 000 | 01055nam a2200217Ia 4500 | ||
|---|---|---|---|
| 008 | 0000001997 usad 0000000000eng00 | ||
| 090 | _aPUS00 J17j | ||
| 245 | 1 | 0 |
_aJasper Johns _b: process and printmaking |
| 300 |
_a[16] p. _c/ 18 cm. |
||
| 500 | _aExposición realizada en The Museum of Modern Art, New York, octubre 17, 1996 enero 21, 1997 \ Donación Fundación Cisneros, Caracas Venezuela, 2010 \ Proyecto Ganador Programa Apoyos Concertados FGAA 2010 | ||
| 505 | _aOBRAS : Woriking prout for Ale Cans Proofs for four panels from Untitled Working prout 2D Trial prout 5D Working prout 10D Working prout 11D for four panels from Untitled Land's end | ||
| 600 | 0 | 0 |
_aJOHNS, JASPER, 1930 / _xTRABAJOS PICTORICOS |
| 650 | 1 | 4 | _aARTE CONTEMPORANEO ESTADOUNIDENSE |
| 650 | 1 | 4 | _aARTISTAS PLASTICOS ESTADOUNIDENSES |
| 650 | 1 | 4 | _xCATALOGOS |
| 650 | 1 | 4 | _xEXPOSICIONES |
| 650 | 1 | 4 | _aLITOGRAFIAS |
| 650 | 1 | 4 | _aPINTORES ESTADOUNIDENSES |
| 650 | 1 | 4 | _aPINTURA ESTADOUNIDENSE |
| 999 |
_c12602 _d12602 |
||
| 260 |
_aNew York : The Museum of Modern Art _c1997 |
||